000 01024nam a2200265Ia 4500
003 OSt
005 20220923213156.0
006 a|||||r|||| 00| 0
007 ta
008 220922b |||||||| |||| 00| 0 hin d
024 _a159,558
037 _cTextual
040 _aARTS
_cARTS
_bhin
041 _2hin
_ahin
082 _aO152,1(Q223):g, K6
100 _aगोस्वामी, शरणबिहारी
_9156299
245 0 _aकृष्णभक्ति काव्य में सखीभाव
246 _aKṛuṣhṇabhakti kāvya mean sakhībhāva
260 _aवाराणसी
_b चौखंबा विधाभवन
_c1966
300 _a788पृ.
_ccm.
490 _aविद्याभवन राष्ट्रभाषा ग्रन्थमालाल; 104
650 _aहिन्दी साहित्य
_9156264
942 _hO152,1(Q223):g, K6
_cTEXL
_2CC
999 _c314305
_d314305